000 00477nam a2200181Ia 4500
003 GCL
008 140319s9999 xx 000 0 eng d
040 _aGCL /
_cGCL
082 0 4 _aCH
_b843
_bG B
100 1 _aGRIMM, BAUDOIN SIMONNE
245 1 0 _aBLANCHE NEIGE ET LES MUSICIES DE BREME /
_cGRIMM, BAUDOIN SIMONNE
300 _a31 P
650 0 4 _aCHILDREN
650 0 4 _aFRENCH LITERATURE
650 0 4 _aCHILDREN - LEARNING
650 0 4 _aCHILDREN - FICTION
942 _2ddc
_cBK
999 _c15048
_d15048